| 000 | 00478cam a22001571 4500 | ||
|---|---|---|---|
| 040 | _cF | ||
| 082 | _a512 HOL 1963 A023 Or. | ||
| 100 | 1 | _aGriswold, Alice L. | |
| 245 | 1 | 0 | _aContemporary algebra and trigonometry |
| 260 |
_aNew York, _bHolt, Rinehart and Winston _c[1963] |
||
| 300 |
_aix, 498, 100 p. _bdiagrs., tables, _c24 cm. |
||
| 490 | 0 | _aThe Holt, Rinehart and Winston secondary school mathematics program | |
| 650 | 0 | _aAlgebra. | |
| 650 | 0 | _aTrigonometry. | |
| 942 | _cEK | ||
| 999 |
_c16214 _d16214 |
||